000 00376nam a22001577a 4500
005 20260413110223.0
008 160628b xxu||||| |||| 00| 0 eng d
020 _a81-7224-058-9
041 _aeng
082 _a808.83
245 _aThe Worlds Greatest Short Stories
260 _bJaico
_c2009
300 _a639
650 _aCollections of short stories
_98971
942 _cBK
999 _c4502
_d4501